Shaping space : (Record no. 352996)

000 -LEADER
fixed length control field 00876 a2200277 4500
003 - CONTROL NUMBER IDENTIFIER
control field OSt
005 - DATE AND TIME OF LATEST TRANSACTION
control field 20180116192353.0
008 - FIXED-LENGTH DATA ELEMENTS--GENERAL INFORMATION
fixed length control field 120601t xxu||||| |||| 00| 0 eng d
010 ## - LIBRARY OF CONGRESS CONTROL NUMBER
LC control number 86012131
020 ## - INTERNATIONAL STANDARD BOOK NUMBER
International Standard Book Number 0030010780 (pbk.)
020 ## - INTERNATIONAL STANDARD BOOK NUMBER
International Standard Book Number 9780030765469
040 ## - CATALOGING SOURCE
Transcribing agency 0
082 00 - DEWEY DECIMAL CLASSIFICATION NUMBER
Classification number 745.4
100 1# - MAIN ENTRY--PERSONAL NAME
Personal name Zelanski, Paul.
9 (RLIN) 3481
245 10 - TITLE STATEMENT
Title Shaping space :
Remainder of title the dynamics of three-dimensional design /
Statement of responsibility, etc. Paul Zelanski, Mary Pat Fisher.
250 ## - EDITION STATEMENT
Edition statement 2nd
260 ## - PUBLICATION, DISTRIBUTION, ETC.
Place of publication, distribution, etc. New York :
Name of publisher, distributor, etc. Holt, Rinehart and Winston,
Date of publication, distribution, etc. c1987.
300 ## - PHYSICAL DESCRIPTION
Extent xiv, 286 p. :
Other physical details ill. (some col.) ;
Dimensions 23 cm.
650 10 - SUBJECT ADDED ENTRY--TOPICAL TERM
Topical term or geographic name entry element Design.
9 (RLIN) 3482
650 10 - SUBJECT ADDED ENTRY--TOPICAL TERM
Topical term or geographic name entry element Visual perception.
9 (RLIN) 3483
650 10 - SUBJECT ADDED ENTRY--TOPICAL TERM
Topical term or geographic name entry element Space (Art)
9 (RLIN) 3484
650 10 - SUBJECT ADDED ENTRY--TOPICAL TERM
Topical term or geographic name entry element Relief (Art)
9 (RLIN) 3485
700 1# - ADDED ENTRY--PERSONAL NAME
Personal name Fisher, Mary Pat,
Dates associated with a name 1943-
9 (RLIN) 3486
942 ## - ADDED ENTRY ELEMENTS (KOHA)
Institution code [OBSOLETE] SADA
Koha item type Book
Call number prefix 745.4 ZEL 1987
Source of classification or shelving scheme
952 ## - LOCATION AND ITEM INFORMATION (KOHA)
-- BOOK
Holdings
Withdrawn status Lost status Damaged status Not for loan Permanent Location Current Location Date acquired Total Checkouts Total Renewals Full call number Barcode Date last seen Date last checked out Cost, replacement price Price effective from Koha item type
        School of Art Design and Architecture (SADA) School of Art Design and Architecture (SADA) 04/19/2011 2 1 745.4 ZEL 1987 SADA0000989 12/01/2015 10/16/2015 7782.00 08/05/2011 Book
© 2023 Central Library, National University of Sciences and Technology. All Rights Reserved.